Meksyk - quiz wielokrotnego wyboru - Statystyki

Ogólne statystyki
  • Ten quiz został rozwiązany 24 razy
  • Średni wynik to 5 z 10
Statystyki odpowiedzi
Zagadnienie Odpowiedź % Poprawnych
Jaka postać religijna ukazała się Juanowi Diego w wiosce Guadalupe w 1531 roku? Maryja Dziewica
81%
Który z tych artystów mieszkał w mieście Meksyk? Frida Kahlo
71%
W jaki sposób bóg Huitzilopochtli dał Meksykanom sygnał, gdzie mają zbudować swoje miasto? Orzeł na kaktusie zjadający grzechotnika
67%
Jak nazywało się miasto Azteków, na którym zbudowano Meksyk? Tenochtitlán
57%
Kiedy miasto Meksyk było gospodarzem Letnich Igrzysk Olimpijskich? 1968
48%
Jaka jest wysokość na jakiej leży miasto Meksyk? (w metrach) 2 240
43%
Jaki plac znajduje się w sercu miasta Meksyk? Plac Zócalo
29%
Kto zbudował Museo Soumaya, aby pomieścić swoją gigantyczną kolekcję dzieł sztuki? Carlos Slim
24%
Która z dzielnic miasta, która przeszła proces gentryfikacji, była tematem filmu Alfonso Cuaróna z 2018 roku? Roma
24%
Z czego znana jest dzielnica Xochimilco? Z kanałów z rejsami i zespołami mariachi
24%
Nie znaleziono quizów pasujących do podanych kryteriów
Rozkład punktacji
Procent ludzi z każdym wynikiem
Percentyl według liczby udzielonych odpowiedzi
Twoja historia wyników
Nie rozwiązałeś tego quizu